Perennial crop production cycle models: Influence of high yielding varieties and prices (Record no. 64677)
[ view plain ]
| 000 -LEADER | |
|---|---|
| fixed length control field | 01243nam a2200169Ia 4500 |
| 100 ## - MAIN ENTRY--AUTHOR NAME | |
| Personal name | Narayana D |
| 245 #0 - TITLE STATEMENT | |
| Title | Perennial crop production cycle models: Influence of high yielding varieties and prices |
| 260 ## - PUBLICATION, DISTRIBUTION, ETC. (IMPRINT) | |
| Name of publisher | Indian Journal of Natural Rubber Research |
| Year of publication | 1994 |
| 300 ## - PHYSICAL DESCRIPTION | |
| Number of Pages | 25-37 |
| 520 ## - SUMMARY, ETC. | |
| Summary, etc | The adjustments in supply response to demand changes in the case of perennial crops are always with a time-lag because of gestation lags and peculiar yield profiles. This leads to characteristic movement of price which in turn makes for phases of area expansion. In order to test the hypothesis a basic model of supply response is set out which is further extended by incorporating introduction of HYV, replanting and price. The empirical analysis of the model using data on natural rubber for the period 1955-1989 has brought out the validity of the model. The production of natural rubber is characterised by cycles owing to the phases in the expansion of area in response to the cyclical behaviour of prices one leading to the other and feeding on it. |
| 650 ## - SUBJECT ADDED ENTRY--TOPICAL TERM | |
| Topical Term | High yielding varieties |
| 650 ## - SUBJECT ADDED ENTRY--TOPICAL TERM | |
| Topical Term | Natural rubber |
| 650 ## - SUBJECT ADDED ENTRY--TOPICAL TERM | |
| Topical Term | Perennial crops |
| 650 ## - SUBJECT ADDED ENTRY--TOPICAL TERM | |
| Topical Term | Price |
| 942 ## - ADDED ENTRY ELEMENTS (KOHA) | |
| Koha item type | Journals |
| Withdrawn status | Lost status | Damaged status | Not for loan | Home library | Current library | Date acquired | Serial Enumeration / chronology | Koha item type |
|---|---|---|---|---|---|---|---|---|
| Journals | RRII Library | RRII Library | 17/12/2021 | Volume 7, Issue 1 | Journals |